Statistics for World Capitals Ending with O

Click here to take the quiz!

General Stats

  • This quiz has been taken 2,726 times
  • The average score is 13 of 18

Answer Stats

Answer% Correct
Oslo
92%
Tokyo
88%
Cairo
83%
Santiago
82%
Quito
81%
Bamako
77%
Santo Domingo
76%
Antananarivo
75%
Paramaribo
74%
Monaco
73%
Porto-Novo
73%
Montevideo
72%
Maputo
71%
Malabo
70%
San Marino
70%
Sarajevo
67%
Majuro
60%
Yamoussoukro
59%

Score Distribution

Percentile by Number Answered

Percent of People with Each Score

Your Score History

You have not taken this quiz